[Event "ÐŸÐµÑ€Ð²ÐµÐ½Ñ�Ñ‚Ð²Ð¾ ÐœÐ¾Ñ�ÐºÐ²Ñ‹ Ð¿Ð¾ Ñ"]
[Site "ÐœÐ¾Ñ�ÐºÐ²Ð°, ÐœÐ“Ð˜ÐœÐž Ð¿Ñ€."]
[Date "2018.11.22"]
[Round "6.3"]
[White "Fleisher, Maiya"]
[Black "Badzgaradze, Elena"]
[Result "1/2-1/2"]
[WhiteElo "1482"]
[BlackElo "1789"]
[PlyCount "64"]
[EventDate "2018.11.18"]

1. d4 Nf6 2. c4 e6 3. Nf3 b6 4. g3 Bb7 5. Bg2 Be7 6. O-O O-O 7. Nc3 Ne4 8. Qc2
f5 9. Rd1 d5 10. cxd5 exd5 11. Bf4 c6 12. Rac1 Qe8 13. Nxe4 fxe4 14. Ne5 Bf6
15. Ng4 Nd7 16. a4 Qh5 17. f3 Bg5 18. Bxg5 Qxg5 19. Qd2 Qxd2 20. Rxd2 h5 21.
Ne3 exf3 22. Bxf3 g6 23. Ng2 Kg7 24. Nf4 Rae8 25. b4 Nf6 26. b5 cxb5 27. axb5
Rf7 28. Rdc2 Kh6 29. Ra1 Ba8 30. Rac1 Bb7 31. Ra1 Ba8 32. Rac1 Bb7 1/2-1/2

[Event "ÐŸÐµÑ€Ð²ÐµÐ½Ñ�Ñ‚Ð²Ð¾ ÐœÐ¾Ñ�ÐºÐ²Ñ‹ Ð¿Ð¾ Ñ"]
[Site "ÐœÐ¾Ñ�ÐºÐ²Ð°, ÐœÐ“Ð˜ÐœÐž Ð¿Ñ€."]
[Date "2018.11.22"]
[Round "6.4"]
[White "Esaulova, Marfa"]
[Black "Bondareva, Daria"]
[Result "1/2-1/2"]
[WhiteElo "1885"]
[BlackElo "1979"]
[PlyCount "88"]
[EventDate "2018.11.18"]

1. c4 e5 2. Nc3 Nf6 3. g3 d5 4. cxd5 Nxd5 5. Bg2 Nb6 6. Nf3 Nc6 7. d3 Be7 8.
O-O O-O 9. Be3 Bg4 10. Rc1 Qd7 11. Ne4 Nd5 12. Bc5 Rad8 13. Bxe7 Qxe7 14. Nc5
Bc8 15. Qa4 Nb6 16. Qa3 Qd6 17. b4 a6 18. Qb2 Nd7 19. Nd2 Ndb8 20. Nc4 Qe7 21.
a3 b6 22. Nb3 Nd4 23. Ne3 Be6 24. Nxd4 exd4 25. Nc4 Bd5 26. Rc2 Bxg2 27. Kxg2
Qe6 28. Qc1 Nd7 29. Qf4 Nf6 30. Rfc1 Nd5 31. Qe5 Qg6 32. Qe4 f5 33. Qh4 Qe6 34.
Nb2 f4 35. Nd1 Qf5 36. f3 Rde8 37. g4 Qe5 38. Qf2 Rf6 39. Kf1 h5 40. Rc6 hxg4
41. fxg4 f3 42. exf3 Rxf3 43. Qxf3 Rf8 44. Qxf8+ Kxf8 1/2-1/2

[Event "ÐŸÐµÑ€Ð²ÐµÐ½Ñ�Ñ‚Ð²Ð¾ ÐœÐ¾Ñ�ÐºÐ²Ñ‹ Ð¿Ð¾ Ñ"]
[Site "ÐœÐ¾Ñ�ÐºÐ²Ð°, ÐœÐ“Ð˜ÐœÐž Ð¿Ñ€."]
[Date "2018.11.23"]
[Round "7.2"]
[White "Bondareva, Daria"]
[Black "Glukhova, Varvara"]
[Result "1-0"]
[WhiteElo "1979"]
[BlackElo "1364"]
[PlyCount "65"]
[EventDate "2018.11.18"]

1. e4 e6 2. d4 d5 3. Nd2 dxe4 4. Nxe4 Nc6 5. Nf3 Nf6 6. Nxf6+ gxf6 7. Bd3 Bg7
8. O-O b6 9. Re1 Bb7 10. c3 Qd6 11. Qc2 h6 12. a4 a5 13. b3 Bf8 14. Nd2 Be7 15.
Nc4 Qd7 16. Bf4 O-O-O 17. Be4 Qe8 18. Rad1 Nb8 19. Bxb7+ Kxb7 20. Qe4+ Qc6 21.
d5 Rxd5 22. Rxd5 Qxd5 23. Qxd5+ exd5 24. Rxe7 dxc4 25. Rxc7+ Ka6 26. Rxc4 h5
27. Kf1 Re8 28. Rc7 Re6 29. b4 axb4 30. cxb4 Re8 31. b5+ Ka5 32. Ra7+ Kb4 33.
Ra8 1-0

[Event "ÐŸÐµÑ€Ð²ÐµÐ½Ñ�Ñ‚Ð²Ð¾ ÐœÐ¾Ñ�ÐºÐ²Ñ‹ Ð¿Ð¾ Ñ"]
[Site "ÐœÐ¾Ñ�ÐºÐ²Ð°, ÐœÐ“Ð˜ÐœÐž Ð¿Ñ€."]
[Date "2018.11.23"]
[Round "7.3"]
[White "Badzgaradze, Elena"]
[Black "Esaulova, Marfa"]
[Result "0-1"]
[WhiteElo "1789"]
[BlackElo "1885"]
[PlyCount "114"]
[EventDate "2018.11.18"]

1. d4 Nf6 2. c4 e6 3. g3 d5 4. Nf3 dxc4 5. Bg2 a6 6. a4 Nc6 7. e3 Rb8 8. Nfd2
Na5 9. Qc2 Bb4 10. O-O b5 11. axb5 axb5 12. Nc3 O-O 13. h4 Bb7 14. Nce4 Bxd2
15. Nxd2 Bxg2 16. Kxg2 Ra8 17. Nf3 Qd5 18. Re1 Ne4 19. Kh2 Qf5 20. Kg2 Qd5 21.
Kh2 Nb3 22. Rxa8 Rxa8 23. Ng1 Ra1 24. f3 Nf6 25. Rd1 Rxc1 26. Rxc1 Nxc1 27.
Qxc1 b4 28. Kg2 c5 29. dxc5 Qxc5 30. Ne2 Nd5 31. Kf2 Kf8 32. Nd4 e5 33. Ne2 Ke7
34. Qd2 c3 35. bxc3 bxc3 36. Qd3 c2 37. Nc1 g6 38. Ke2 Nc3+ 39. Kd2 Nb1+ 40.
Ke2 f5 41. Kf2 Nc3 42. Qd2 Qc4 43. Ke1 Nb1 44. Qd3 Qxd3 45. Nxd3 e4 46. fxe4
fxe4 47. Nc1 h5 48. Kf2 Kf6 49. Ne2 Nc3 50. Nc1 Kf5 51. Ke1 Nb1 52. Kf2 Kg4 53.
Kg2 Nc3 54. Kf2 Nd1+ 55. Ke2 Kxg3 56. Kd2 Kxh4 57. Kxc2 Nxe3+ 0-1

[Event "ÐŸÐµÑ€Ð²ÐµÐ½Ñ�Ñ‚Ð²Ð¾ ÐœÐ¾Ñ�ÐºÐ²Ñ‹ Ð¿Ð¾ Ñ"]
[Site "ÐœÐ¾Ñ�ÐºÐ²Ð°, ÐœÐ“Ð˜ÐœÐž Ð¿Ñ€."]
[Date "2018.11.23"]
[Round "7.4"]
[White "Aleksandrova, Elizaveta"]
[Black "Fleisher, Maiya"]
[Result "1/2-1/2"]
[WhiteElo "1611"]
[BlackElo "1482"]
[PlyCount "81"]
[EventDate "2018.11.18"]

1. e4 e5 2. Nf3 Nc6 3. Bb5 Bc5 4. O-O Nd4 5. Nxd4 Bxd4 6. c3 Bb6 7. d4 c6 8.
Ba4 d6 9. Na3 Bd7 10. Nc2 Ne7 11. Ne3 exd4 12. cxd4 d5 13. exd5 cxd5 14. Bc2
O-O 15. Qd3 g6 16. Bd2 Nf5 17. Bc3 Nxe3 18. Qxe3 Re8 19. Qh6 Qf6 20. Rad1 Bb5
21. Bd3 Bxd3 22. Rxd3 Re4 23. Rh3 Qg7 24. Qxg7+ Kxg7 25. Rd1 Rae8 26. Rhd3 R4e7
27. Kf1 Bd8 28. Re1 Rxe1+ 29. Bxe1 Bf6 30. f3 Rc8 31. Re3 Rc6 32. Bf2 Kf8 33.
Ke2 Be7 34. Kd3 Ke8 35. Kd2 Kd7 36. Rb3 b6 37. Rb5 Ke6 38. Rb3 Kd7 39. a3 Bd6
40. g3 Be7 41. Be3 1/2-1/2

[Event "ÐŸÐµÑ€Ð²ÐµÐ½Ñ�Ñ‚Ð²Ð¾ ÐœÐ¾Ñ�ÐºÐ²Ñ‹ Ð¿Ð¾ Ñ"]
[Site "ÐœÐ¾Ñ�ÐºÐ²Ð°, ÐœÐ“Ð˜ÐœÐž Ð¿Ñ€."]
[Date "2018.11.23"]
[Round "7.5"]
[White "Zotova, Anastasia"]
[Black "Vyrtosu, Natalia"]
[Result "0-1"]
[WhiteElo "2046"]
[BlackElo "1894"]
[PlyCount "150"]
[EventDate "2018.11.18"]

1. e4 Nf6 2. Nc3 d5 3. exd5 Nxd5 4. Bc4 Nxc3 5. bxc3 e6 6. Nf3 Be7 7. O-O O-O
8. d4 c5 9. Qe2 Nc6 10. Rd1 Qa5 11. d5 exd5 12. Bxd5 Bf6 13. Rb1 Ne7 14. Rb5
Qc7 15. Be4 a6 16. Rb3 Nc6 17. Bg5 Qe7 18. Bxf6 Qxf6 19. Qe3 Na5 20. Rbb1 Bf5
21. Bxf5 Qxf5 22. Qd3 Qf6 23. Re1 Rad8 24. Qe3 b6 25. Ne5 h6 26. h3 Rd6 27. Qg3
Rfd8 28. Re3 Qg5 29. Qf3 f6 30. Nd3 Nc4 31. h4 Qd5 32. Qxd5+ Rxd5 33. Re2 Kf7
34. g3 R5d6 35. Kg2 Na3 36. Rb2 c4 37. Ne1 h5 38. Nf3 Re8 39. Rxe8 Kxe8 40. Nd4
g6 41. Kf3 Kd7 42. Ke4 b5 43. Kf3 Rd5 44. Ke2 Re5+ 45. Kd2 Kd6 46. Nf3 Re4 47.
Kd1 Kc5 48. Nd2 Re5 49. Nb1 Nxb1 50. Rxb1 g5 51. hxg5 fxg5 52. Kd2 g4 53. Rh1
Rf5 54. Ke2 Kc6 55. Rh2 Kd5 56. a3 Ke4 57. Rg2 Kd5 58. Rh2 Kc6 59. Kd2 a5 60.
Ke3 Kd5 61. Ke2 Ke4 62. Rg2 Rf3 63. Kd2 Kf5 64. Rh2 Kg5 65. Rg2 h4 66. gxh4+
Kxh4 67. Rh2+ Kg5 68. Rg2 Kf5 69. Rh2 Rh3 70. Rg2 Ke5 71. Rg1 Kf4 72. Rb1 Rh2
73. Ke2 g3 74. Rxb5 g2 75. Rb1 Rh1 0-1

[Event "ÐŸÐµÑ€Ð²ÐµÐ½Ñ�Ñ‚Ð²Ð¾ ÐœÐ¾Ñ�ÐºÐ²Ñ‹ Ð¿Ð¾ Ñ"]
[Site "ÐœÐ¾Ñ�ÐºÐ²Ð°, ÐœÐ“Ð˜ÐœÐž Ð¿Ñ€."]
[Date "2018.11.24"]
[Round "8.1"]
[White "Minko, Olga"]
[Black "Vyrtosu, Natalia"]
[Result "0-1"]
[WhiteElo "1812"]
[BlackElo "1894"]
[PlyCount "104"]
[EventDate "2018.11.18"]

1. e4 Nf6 2. e5 Nd5 3. d4 d6 4. c4 Nb6 5. exd6 exd6 6. Nc3 Nc6 7. Be3 Be7 8.
Bd3 Bf6 9. Nge2 O-O 10. O-O Nb4 11. b3 Re8 12. Bb1 Bg4 13. Qd2 a5 14. f3 Bd7
15. Ne4 d5 16. Nxf6+ Qxf6 17. c5 Nc8 18. Ng3 Bb5 19. Rd1 Bd7 20. a3 Na6 21. Bg5
Qc6 22. Nh5 Nb8 23. Bf6 Re6 24. Bxg7 Ne7 25. Be5 Kf8 26. Qg5 Ng6 27. Qh6+ Ke7
28. Qxh7 Nxe5 29. dxe5 Rh6 30. Qg7 Rxh5 31. g4 Rh6 32. Qg5+ Kf8 33. Qd8+ Be8
34. Rxd5 Nd7 35. Qg5 Ra6 36. Be4 Qb5 37. Bd3 Qc6 38. Be4 Qe6 39. f4 Rh8 40.
Rad1 Rg8 41. Qf5 Rxg4+ 42. Kh1 Ke7 43. Qh7 Rxf4 44. Qh5 Rxe4 45. Qg5+ Kf8 46.
R5d2 Qg6 47. Qd8 Nxe5 48. Rg2 Rg4 49. Rdg1 Rxg2 50. Rxg2 Qb1+ 51. Rg1 Qe4+ 52.
Rg2 Rg6 0-1

[Event "ÐŸÐµÑ€Ð²ÐµÐ½Ñ�Ñ‚Ð²Ð¾ ÐœÐ¾Ñ�ÐºÐ²Ñ‹ Ð¿Ð¾ Ñ"]
[Site "ÐœÐ¾Ñ�ÐºÐ²Ð°, ÐœÐ“Ð˜ÐœÐž Ð¿Ñ€."]
[Date "2018.11.24"]
[Round "8.2"]
[White "Fleisher, Maiya"]
[Black "Zotova, Anastasia"]
[Result "0-1"]
[WhiteElo "1482"]
[BlackElo "2046"]
[PlyCount "40"]
[EventDate "2018.11.18"]

1. d4 Nf6 2. c4 g6 3. Nf3 Bg7 4. g3 c5 5. e3 O-O 6. Bg2 d5 7. b3 cxd4 8. exd4
Nc6 9. Bb2 dxc4 10. bxc4 Bg4 11. O-O Rc8 12. Qd3 Bxf3 13. Bxf3 Ne5 14. Qb3 Nxc4
15. Bc3 Nd5 16. Rd1 b6 17. Be2 Nxc3 18. Nxc3 Na5 19. Qb4 Nc6 20. Qa4 Nxd4 0-1

[Event "ÐŸÐµÑ€Ð²ÐµÐ½Ñ�Ñ‚Ð²Ð¾ ÐœÐ¾Ñ�ÐºÐ²Ñ‹ Ð¿Ð¾ Ñ"]
[Site "ÐœÐ¾Ñ�ÐºÐ²Ð°, ÐœÐ“Ð˜ÐœÐž Ð¿Ñ€."]
[Date "2018.11.24"]
[Round "8.3"]
[White "Esaulova, Marfa"]
[Black "Aleksandrova, Elizaveta"]
[Result "1-0"]
[WhiteElo "1885"]
[BlackElo "1611"]
[PlyCount "103"]
[EventDate "2018.11.18"]

1. c4 Nf6 2. Nf3 g6 3. g3 Bg7 4. Bg2 d6 5. Nc3 e5 6. d3 c6 7. Rb1 O-O 8. O-O
Nbd7 9. b4 Qe7 10. Nd2 Nb6 11. a4 d5 12. a5 d4 13. Na2 Nbd7 14. b5 c5 15. Ba3
Rb8 16. b6 axb6 17. axb6 Ra8 18. Qc1 Bh6 19. Rd1 e4 20. dxe4 Bxd2 21. Rxd2 Nxe4
22. Rxd4 Nd6 23. Rh4 Nf5 24. Re4 Qd6 25. Nc3 Nf6 26. Nb5 Qxb6 27. Re5 Nd7 28.
Rd5 Ne7 29. Rd6 Nc6 30. Qh6 Rxa3 31. Nxa3 Qa5 32. Nb5 Qa2 33. Nc3 Qc2 34. Rc1
Qb2 35. Bxc6 bxc6 36. Ne4 Re8 37. Nc3 Ne5 38. Ne4 Ng4 39. Qd2 Qe5 40. Nc3 Qf5
41. e4 Qh5 42. f4 Kg7 43. Rxc6 Bb7 44. Rd6 Bxe4 45. Re1 Bc6 46. Rxe8 Bxe8 47.
Ne4 Qf5 48. Qc3+ Kh6 49. Qd3 Qh5 50. Qe2 f5 51. Ng5 Nf6 52. Qe7 1-0

[Event "ÐŸÐµÑ€Ð²ÐµÐ½Ñ�Ñ‚Ð²Ð¾ ÐœÐ¾Ñ�ÐºÐ²Ñ‹ Ð¿Ð¾ Ñ"]
[Site "ÐœÐ¾Ñ�ÐºÐ²Ð°, ÐœÐ“Ð˜ÐœÐž Ð¿Ñ€."]
[Date "2018.11.24"]
[Round "8.4"]
[White "Glukhova, Varvara"]
[Black "Badzgaradze, Elena"]
[Result "1/2-1/2"]
[WhiteElo "1364"]
[BlackElo "1789"]
[PlyCount "93"]
[EventDate "2018.11.18"]

1. d4 Nf6 2. Nf3 e6 3. g3 b6 4. Bg2 Bb7 5. O-O Be7 6. e3 O-O 7. b3 c5 8. Bb2
cxd4 9. exd4 d5 10. Nbd2 Nc6 11. Ne5 Rc8 12. Nxc6 Bxc6 13. Rc1 Rc7 14. c4 dxc4
15. Bxc6 Rxc6 16. Nxc4 Qa8 17. Qf3 Rc7 18. Qxa8 Rxa8 19. Ne5 Rac8 20. Rxc7 Rxc7
21. Rc1 Rxc1+ 22. Bxc1 Bf8 23. f3 Nd5 24. Bd2 Ba3 25. Nc6 a5 26. Kf2 Kf8 27.
Ke2 f6 28. Na7 Ke8 29. Nb5 Bf8 30. a4 Kd7 31. Kd3 Be7 32. Bc1 Bb4 33. Ba3 Bxa3
34. Nxa3 Kc6 35. Nb5 h5 36. Na7+ Kb7 37. Nb5 Kc6 38. Na7+ Kc7 39. Nb5+ Kd7 40.
f4 g6 41. h4 Nc7 42. Nxc7 Kxc7 43. Kc4 Kc6 44. b4 f5 45. b5+ Kd6 46. Kc3 Kd7
47. Kc4 1/2-1/2

[Event "ÐŸÐµÑ€Ð²ÐµÐ½Ñ�Ñ‚Ð²Ð¾ ÐœÐ¾Ñ�ÐºÐ²Ñ‹ Ð¿Ð¾ Ñ"]
[Site "ÐœÐ¾Ñ�ÐºÐ²Ð°, ÐœÐ“Ð˜ÐœÐž Ð¿Ñ€."]
[Date "2018.11.25"]
[Round "9.1"]
[White "Bondareva, Daria"]
[Black "Minko, Olga"]
[Result "1-0"]
[WhiteElo "1979"]
[BlackElo "1812"]
[PlyCount "53"]
[EventDate "2018.11.18"]

1. e4 e5 2. Nf3 Nc6 3. Bc4 Nf6 4. d4 exd4 5. e5 Ng4 6. O-O d6 7. exd6 Qxd6 8.
Re1+ Be6 9. h3 Nf6 10. Ng5 Nd5 11. Nxf7 Qd7 12. Ng5 O-O-O 13. Nxe6 Re8 14. Nxf8
Rxe1+ 15. Qxe1 Rxf8 16. Bd2 Re8 17. Qf1 Ne5 18. Na3 Rf8 19. Re1 Nf3+ 20. gxf3
Rf6 21. Bxd5 Rg6+ 22. Kh2 Qd6+ 23. f4 Qxd5 24. Qh1 Qh5 25. Qe4 c6 26. Qe8+ Kc7
27. Nc4 1-0

[Event "ÐŸÐµÑ€Ð²ÐµÐ½Ñ�Ñ‚Ð²Ð¾ ÐœÐ¾Ñ�ÐºÐ²Ñ‹ Ð¿Ð¾ Ñ"]
[Site "ÐœÐ¾Ñ�ÐºÐ²Ð°, ÐœÐ“Ð˜ÐœÐž Ð¿Ñ€."]
[Date "2018.11.25"]
[Round "9.3"]
[White "Aleksandrova, Elizaveta"]
[Black "Glukhova, Varvara"]
[Result "1-0"]
[WhiteElo "1611"]
[BlackElo "1364"]
[PlyCount "95"]
[EventDate "2018.11.18"]

1. e4 e6 2. d4 d5 3. Nc3 dxe4 4. Nxe4 Nf6 5. Ng3 Bd6 6. Nf3 Nc6 7. Bd3 O-O 8.
Ne4 Nxe4 9. Bxe4 h6 10. c3 Qf6 11. Qc2 Bd7 12. Be3 Rfb8 13. g4 Bf4 14. h4 Bxe3
15. fxe3 g6 16. g5 hxg5 17. Nxg5 Qe7 18. Qg2 f6 19. Nf3 f5 20. Qxg6+ Qg7 21.
Qxg7+ Kxg7 22. Bd3 Rh8 23. O-O-O Rag8 24. Rdg1+ Kh6 25. Ng5 Nd8 26. Nf3 Bc6 27.
Be2 Nf7 28. Rxg8 Rxg8 29. Rg1 Rg4 30. Rf1 Rg8 31. Kd1 b6 32. Ke1 Rg4 33. Rh1
Rg7 34. Kf2 Nd6 35. Bd3 Ne4+ 36. Bxe4 Bxe4 37. Rh2 Bxf3 38. Kxf3 Rg4 39. a3 Kh5
40. a4 c6 41. Rh1 a6 42. b4 Re4 43. Rg1 Rxh4 44. Rg8 Rh3+ 45. Ke2 Rh2+ 46. Kd3
Rh3 47. Re8 Rh1 48. Rh8+ 1-0

[Event "ÐŸÐµÑ€Ð²ÐµÐ½Ñ�Ñ‚Ð²Ð¾ ÐœÐ¾Ñ�ÐºÐ²Ñ‹ Ð¿Ð¾ Ñ"]
[Site "ÐœÐ¾Ñ�ÐºÐ²Ð°, ÐœÐ“Ð˜ÐœÐž Ð¿Ñ€."]
[Date "2018.11.25"]
[Round "9.4"]
[White "Zotova, Anastasia"]
[Black "Esaulova, Marfa"]
[Result "1-0"]
[WhiteElo "2046"]
[BlackElo "1885"]
[PlyCount "99"]
[EventDate "2018.11.18"]

1. e4 c6 2. d4 d5 3. Nc3 dxe4 4. Nxe4 Nf6 5. Nxf6+ exf6 6. Nf3 Bd6 7. Bd3 O-O
8. O-O Bg4 9. c3 Qc7 10. h3 Bh5 11. Be4 Re8 12. Qc2 Bg6 13. Bxg6 hxg6 14. Be3
Nd7 15. Rfe1 Nf8 16. Rad1 Rad8 17. Qb3 Ne6 18. c4 f5 19. d5 Nc5 20. Qa3 cxd5
21. Rxd5 Na6 22. Qb3 Nc5 23. Bxc5 Bxc5 24. Rxe8+ Rxe8 25. Qb5 Rc8 26. b4 Bf8
27. Ne5 Bd6 28. Nf3 a6 29. Qa4 Rd8 30. Qd1 Be7 31. a3 Bf6 32. Rxd8+ Bxd8 33.
Qd5 Bf6 34. g3 Bb2 35. a4 Qe7 36. b5 axb5 37. axb5 Ba3 38. Ne5 g5 39. Kg2 Bd6
40. Nxf7 Qxf7 41. Qxd6 g4 42. hxg4 Qxc4 43. Qb8+ Kh7 44. Qxb7 Qxg4 45. Qc6 Qb4
46. b6 Qb3 47. b7 Qb1 48. Qd5 Kh6 49. Qd6+ Kg5 50. Qf4+ 1-0

[Event "ÐŸÐµÑ€Ð²ÐµÐ½Ñ�Ñ‚Ð²Ð¾ ÐœÐ¾Ñ�ÐºÐ²Ñ‹ Ð¿Ð¾ Ñ"]
[Site "ÐœÐ¾Ñ�ÐºÐ²Ð°, ÐœÐ“Ð˜ÐœÐž Ð¿Ñ€."]
[Date "2018.11.25"]
[Round "9.5"]
[White "Vyrtosu, Natalia"]
[Black "Fleisher, Maiya"]
[Result "1-0"]
[WhiteElo "1894"]
[BlackElo "1482"]
[PlyCount "59"]
[EventDate "2018.11.18"]

1. d4 d5 2. Bf4 Nf6 3. e3 Bf5 4. Nf3 e6 5. c4 c6 6. Nc3 Bb4 7. Qb3 Qa5 8. a3
Bxc3+ 9. Qxc3 Qxc3+ 10. bxc3 Nbd7 11. Nd2 O-O 12. h3 Rac8 13. g4 Bg6 14. f3
dxc4 15. Nxc4 Nd5 16. Bd6 Rfd8 17. e4 Nxc3 18. Be7 Nb5 19. Bxd8 Rxd8 20. Rd1
Nf6 21. Kf2 Rxd4 22. Rxd4 Nxd4 23. Be2 c5 24. Rb1 b6 25. a4 Nd7 26. a5 b5 27.
Nd6 a6 28. Nxb5 Nxb5 29. Bxb5 Nb8 30. Ba4 1-0